LEADER 01226nam a2200325 i 4500 001 991000699319707536 005 20020507172432.0 008 971117s1996 us ||| | eng 020 $a0849391253 035 $ab10744903-39ule_inst 035 $aLE01300909$9ExL 040 $aDip.to Matematica$beng 082 0 $a006.3 084 $aAMS 68T 100 1 $aKrishnamoorthy, C. S.$0534699 245 10$aArtificial intelligence and expert systems for engineers /$cC. S. Krishnamoorthy, S. Rajeev 260 $aBoca Raton, FL :$bCRC Press,$cc1996 300 $aix, 297 p. ;$c24 cm + 1 computer disk 490 0 $aNew directions in civil engineering 500 $aIncludes bibliographical references and index 650 4$aArtificial intelligence 650 4$aEngineering-data processing 650 4$aExpert systems (Computer science) 700 1 $aRajeev, S. 907 $a.b10744903$b23-02-17$c28-06-02 912 $a991000699319707536 945 $aLE013 68T KRI11 (1996)$g1$i2013000091785$lle013$o-$pE0.00$q-$rl$s- $t0$u1$v0$w1$x0$y.i10836986$z28-06-02 996 $aArtificial intelligence and expert systems for engineers$9910672 997 $aUNISALENTO 998 $ale013$b01-01-97$cm$da $e-$feng$gus $h0$i1 LEADER 01314nam 2200409 450 001 9910703531803321 005 20150501134622.0 035 $a(CKB)5470000002432385 035 $a(OCoLC)908260540 035 $a(EXLCZ)995470000002432385 100 $a20150501d2015 ua 0 101 0 $aeng 135 $aurmn||||||||| 181 $2rdacontent 182 $2rdamedia 183 $2rdacarrier 200 10$aJob task analysis $eenergy manager, November 2013--December 2014 /$fCynthia D. Woodley 210 1$aGolden, Colorado :$cNational Renewable Energy Laboratory,$d2015. 215 $a1 online resource (vii, 52 pages) $ccolor illustrations 225 1 $aNREL/SR ;$v7A40-62385 300 $aTitle from title screen (viewed Apr. 30, 2015). 300 $a"January 2015." 517 $aJob task analysis 606 $aTask analysis 606 $aBuildings$xEnergy consumption$xManagement 606 $aJob descriptions 615 0$aTask analysis. 615 0$aBuildings$xEnergy consumption$xManagement. 615 0$aJob descriptions. 700 $aWoodley$b Cynthia D.$01394175 712 02$aNational Renewable Energy Laboratory (U.S.), 801 0$bGPO 801 1$bGPO 906 $aBOOK 912 $a9910703531803321 996 $aJob task analysis$93451166 997 $aUNINA